000 00554nam a2200169Ia 4500
008 090711s9999 xx 000 0 und d
082 _b66596
100 _aपंडीत बाळ ज.
245 _aअसे सामने : असे खेळाडू
260 _c1990
300 _a185
600 _aपंडीत बाळ ज.
630 _aअसे सामने : असे खेळाडू
700 _aपंडीत बाळ ज.
730 _aअसे सामने : असे खेळाडू
942 _cBOOK
999 _c312669
_d312669